|
|
|
|
| LEADER |
00000nam0a2200000 4500 |
| 001 |
323941 |
| 005 |
20231102003623.0 |
| 035 |
|
|
|a (RuTPU)RU\TPU\book\349529
|
| 090 |
|
|
|a 323941
|
| 100 |
|
|
|a 20161031d1955 m y0rusy50 ca
|
| 101 |
0 |
|
|a rus
|
| 102 |
|
|
|a RU
|
| 105 |
|
|
|a y z 000zb
|
| 200 |
1 |
|
|a История одной гипотезы
|f Е. Г. Строгова
|
| 210 |
|
|
|a Москва
|c Молодая гвардия
|d 1955
|
| 215 |
|
|
|a 87 с.
|c ил.
|
| 600 |
|
1 |
|a Амбарцумян
|b В. А.
|c армянский астрофизик
|c академик и президент АН Армении
|f 1908-1996
|g Виктор Амазаспович
|c академик АН СССР
|2 stltpush
|3 (RuTPU)RU\TPU\pers\21290
|
| 606 |
1 |
|
|a Вселенная
|x Происхождение
|2 stltpush
|3 (RuTPU)RU\TPU\subj\3752
|9 32118
|
| 610 |
1 |
|
|a космогония
|
| 610 |
1 |
|
|a космогонические гипотезы
|
| 610 |
1 |
|
|a космогонические концепции
|
| 610 |
1 |
|
|a история
|
| 610 |
1 |
|
|a галактики
|
| 610 |
1 |
|
|a галактические туманности
|
| 610 |
1 |
|
|a звездная астрономия
|
| 675 |
|
|
|a 524.84
|v 4
|
| 700 |
|
1 |
|a Строгова
|b Е. Г.
|g Еккатерина Григорьевна
|
| 801 |
|
1 |
|a RU
|b 63413507
|c 20161031
|
| 801 |
|
2 |
|a RU
|b 63413507
|c 20200320
|g RCR
|
| 942 |
|
|
|c BK
|